000 00605nam a22001815i 4500
001 53977
003 ES-MaACL
005 20230906162851.0
007 t|
008 960709s1877 sp ||||1| spa d
040 _aCAM
_bspa
_cCAM
100 1 _aFerrán, Ignacio María de.
_950235
245 1 0 _aDiscurso inaugural leído por el señor presidente D. Ignacio M. de Ferrán, Ateneo Barcelonés, 1877-78.
260 _aBarcelona :
_b[s.n.],
_c1877 (
_fEstablecimiento tipográfico de n. Ramirez y Cª)
300 _a45 p. ;
_c26 cm.
710 2 _aAteneu Barcelonès.
_92060
852 _aES-MaACL
_jT-242-F-6
999 _c53977
_d53977